000 01001cam a2200313 a 4500
001 5983
003 FISKH
005 20250225094141.0
008 090123s2009 nyu d 000 1 eng
010 _a 2009001345
020 _a9780385737944 (hc)
020 _a9780385737951
_c$17.00
020 _a9780385907026 (glb)
040 _aDLC
_cDLC
_dDLC
_beng
050 _aPZ7.D2587 M
082 _a813.6
100 1 _aDashner, James,
_d1972-
245 1 4 _aThe maze runner /
_cJames Dashner.
260 _aNew York :
_bDelacorte Press,
_c2009.
300 _a375 pages :
_c21 cm
520 _aSixteen-year-old Thomas wakes up with no memory in the middle of a maze and realizes he must work with the community in which he finds himself if he is to escape.
650 1 _aAmnesia
_vFiction.
650 1 _aCooperativeness
_vFiction.
650 1 _aLabyrinths
_vFiction.
650 1 _aScience fiction.
906 _a7
_bcbc
_corignew
_d1
_eecip
_f20
_gy-gencatlg
942 _2ddc
_cBK
_n0
999 _c5983
_d5983